World Capital Click Match A-Z (Hard) - Statistics

General Stats
  • This quiz has been taken 252 times
  • The average score is 20 of 24
Answer Stats
Hint Answer % Correct
Z Croatia
93%
Q Ecuador
93%
U Mongolia
92%
I Pakistan
91%
R Saudi Arabia
91%
O Burkina Faso
85%
H Zimbabwe
85%
P Kosovo
84%
K Democratic Republic of the Congo
83%
D East Timor
83%
J South Sudan
83%
A Turkmenistan
82%
T Bhutan
81%
W Namibia
81%
Y Cameroon
80%
M Liberia
80%
V Seychelles
80%
B Slovakia
80%
G Botswana
76%
S Grenada
75%
C Guinea
73%
L Togo
70%
N Tonga
70%
F Tuvalu
65%
No matching quizzes found
Score Distribution
Percent of People with Each Score
Percentile by Number Answered
Your Score History
You have not taken this quiz